| 000 | 00845nam a22002771 4500 | ||
|---|---|---|---|
| 005 | 20260322212034.0 | ||
| 008 | data | ||
| 010 | _a 67012402 | ||
| 040 |
_aDLC _cDLC _dDLC |
||
| 043 | _an------ | ||
| 050 | 0 | 0 |
_aE98.P6 _bG7 |
| 082 | 0 | 0 | _a709.01/1 |
| 092 | _a709.01 G7 1967 | ||
| 100 | 1 |
_aGrant, Campbell, _d1909- |
|
| 245 | 1 | 0 |
_aRock art of the American Indian. _cCampbell Grant. |
| 260 |
_aNew York, _bCrowell _c[1967] |
||
| 300 |
_axiv, 178 p. _billus., 23 col. plates. _c26 cm. |
||
| 504 | _aBibliography: p. 156-170. | ||
| 650 | 0 |
_aRock paintings _zNorth America. |
|
| 650 | 0 |
_aPetroglyphs _zNorth America. |
|
| 650 | 0 |
_aIndians of North America _xAntiquities. |
|
| 651 | 0 |
_aNorth America _xAntiquities. |
|
| 906 |
_a7 _bcbc _corignew _du _eocip _f19 _gy-gencatlg |
||
| 991 |
_bc-GenColl _hE98.P6 _iG7 _p00010247767 _tCopy 1 _wBOOKS |
||
| 001 | data | ||
| 999 |
_c799 _d799 |
||